[Event "Spring NAm GMB"]
[Site "Schaumburg USA"]
[Date "2006.04.18"]
[Round "2"]
[White "Georgiev,Vl"]
[Black "Goletiani,R"]
[Result "1-0"]
[WhiteElo "2535"]
[BlackElo "2371"]

1.c4 c5 2.Nc3 e6 3.Nf3 Nf6 4.e3 Be7 5.d4 O-O 6.Bd3 d5 7.cxd5 exd5 8.Ne5 Nc6
9.O-O Qc7 10.Nxc6 bxc6 11.b3 Ng4 12.g3 Re8 13.Qc2 h6 14.Ne2 cxd4 15.exd4 Nf6
16.Bf4 Qd7 17.Rac1 Qh3 18.f3 Ba3 19.Rce1 Qd7 20.Be5 Be7 21.g4 a5 22.Ng3 Ba6
23.Bxa6 Rxa6 24.Nf5 Bb4 25.Bxf6 Rxe1 26.Rxe1 Bxe1 27.Bxg7 Qe6 28.Bxh6 Bb4
29.Bf4 Ra8 30.Be5 Bf8 31.Ng3 Qg6 32.Qc1 Bh6 33.Qd1 Bg7 34.Nf5 Bf8 35.h4 Qe6
36.h5 f6 37.Bf4 Re8 38.Be3 Bd6 39.Kg2 Bb8 40.Qd3 Qd7 41.Nh6+ Kf8 42.Qg6 Qg7
43.Nf5 Qxg6 44.hxg6 Kg8 45.Kh3 Bd6 46.g5 fxg5 47.Kg4 Bf4 48.Bxf4 gxf4 49.Kxf4 Re2
50.Kg5 Re6 51.f4 Kf8 52.a4 Kg8 53.Nh6+ Kf8 54.f5 Re1 55.f6 Rg1+ 56.Kf5 Rf1+
57.Ke6  1-0

[Event "XIII TCh-RUS 1st League"]
[Site "Sochi RUS"]
[Date "2006.04.20"]
[Round "1"]
[White "Ogloblin,N"]
[Black "Lysyj,I"]
[Result "0-1"]
[WhiteElo "2415"]
[BlackElo "2527"]

1.c4 Nf6 2.Nc3 c5 3.Nf3 e6 4.g3 b6 5.Bg2 Bb7 6.O-O Be7 7.Re1 Ne4 8.Nxe4 Bxe4
9.d3 Bb7 10.e4 O-O 11.d4 cxd4 12.Nxd4 a6 13.Be3 Qc7 14.Rc1 Nc6 15.Nb3 Ne5
16.f4 Nxc4 17.Rxc4 Qxc4 18.Qxd7 Bb4 19.Rc1 Qe2 20.Qd4 Bc5 21.Nxc5 bxc5 22.Qd2 Qxd2
23.Bxd2 Rfd8 24.Bc3 Rac8 25.Kf2 Rd7 26.Bf3 Bc6 27.h4 f6 28.Re1 Kf7 29.g4 Rcd8
30.Rg1 Rd3 31.g5 f5 32.Be2 Rh3 33.exf5 exf5 34.h5 Rh2+ 35.Ke3 Re8+ 36.Be5 Rxe5+
37.fxe5 f4+ 38.Kxf4 Rxe2 39.g6+ hxg6 40.Rxg6 Bb5 41.a4 Bd3 42.Rd6 Re4+ 43.Kf3 Rd4
44.Rb6 Rxa4 45.Rb7+ Ke6 46.Rxg7 Kxe5 47.Rc7 Kd6 48.Rc8 Bf5 49.Rh8 Rh4 50.h6 Ke5
51.Ke3 Rh3+ 52.Kd2 Kd4 53.Rd8+ Kc4 54.Rf8 Rh2+ 55.Kc1 Bd3 56.Rf6 Kb3 57.Rd6 Bb5  0-1

[Event "Classics GMB"]
[Site "Gausdal NOR"]
[Date "2006.04.23"]
[Round "1"]
[White "Hole,O"]
[Black "Nyland,T"]
[Result "1-0"]
[WhiteElo "2346"]
[BlackElo "2172"]

1.Nf3 Nf6 2.c4 e6 3.Nc3 c5 4.g3 b6 5.Bg2 Bb7 6.O-O d5 7.cxd5 Nxd5 8.Qc2 Be7
9.Rd1 Nc6 10.d4 Nxd4 11.Nxd4 cxd4 12.Nxd5 Bxd5 13.Rxd4 Bc5 14.Bxd5 exd5 15.Qa4+ Kf8
16.Rd3 Qf6 17.Be3 Bxe3 18.Rxe3 g6 19.Rd1 Qxb2 20.Rxd5 Kg7 21.Re7 a6 22.Rxf7+ Kxf7
23.Rd7+ Ke8 24.Ra7+  1-0

[Event "TCh-HUN 2005-6"]
[Site "Hungary HUN"]
[Date "2006.04.23"]
[Round "11"]
[White "Farago,S"]
[Black "Almasi,I"]
[Result "1-0"]
[WhiteElo "2262"]
[BlackElo "2440"]

1.c4 Nf6 2.Nf3 c5 3.Nc3 e6 4.g3 b6 5.Bg2 Bb7 6.O-O Be7 7.Re1 a6 8.e4 d6 9.d4 cxd4
10.Nxd4 Qc7 11.b3 b5 12.Bb2 bxc4 13.Rc1 Nbd7 14.Nd5 exd5 15.exd5 Ne5 16.Nf5 O-O
17.Nxe7+ Qxe7 18.f4 Qc7 19.fxe5 Nxd5 20.bxc4 Ne3 21.Rxe3 Bxg2 22.exd6 Qc5
23.Bd4 Qc6 24.Qg4 g6 25.Qf4 Bh1 26.Re2 Qf3 27.Qe5 f6 28.Qe6+ Rf7 29.Rf1 Qd3
30.Bxf6 Bf3 31.Re3 Qf5 32.Rfxf3  1-0

[Event "TCh-NED 2005-6"]
[Site "Netherlands NED"]
[Date "2006.04.23"]
[Round "9"]
[White "Werle,J"]
[Black "Kabatianski,A"]
[Result "1-0"]
[WhiteElo "2514"]
[BlackElo "2436"]

1.Nf3 Nf6 2.c4 e6 3.Nc3 c5 4.g3 b6 5.Bg2 Bb7 6.O-O Be7 7.Re1 d6 8.e4 Nbd7
9.d4 cxd4 10.Nxd4 Qc7 11.Be3 Rc8 12.Rc1 Qb8 13.b3 O-O 14.f4 a6 15.g4 Qa8
16.Kf2 g6 17.g5 Nh5 18.Qg4 Rce8 19.Rcd1 Qc8 20.Nde2 Bc6 21.Ng3 Nxg3 22.hxg3 b5
23.cxb5 axb5 24.Rc1 Qa8 25.Qe2 Qb7 26.Rc2 f6 27.Rec1 Nb8 28.gxf6 Bxf6 29.a4 bxa4
30.bxa4 Rd8 31.Nb5 Bg7 32.Nd4 Bd7 33.e5 Qb4 34.Rc4 Qa3 35.exd6 Qxd6 36.Nb5 Qa6
37.Nc7 Qa5 38.Nxe6 Rfe8 39.Re4 Bxe6 40.Rxe6 Rf8 41.Re7  1-0

[Event "8th Dubai Open"]
[Site "Dubai UAE"]
[Date "2006.04.28"]
[Round "6"]
[White "Sarsam,S"]
[Black "Stock,L"]
[Result "0-1"]
[WhiteElo "2399"]
[BlackElo "2200"]

1.Nf3 c5 2.c4 Nf6 3.Nc3 e6 4.e3 Nc6 5.d4 d5 6.a3 cxd4 7.exd4 Be7 8.Be2 O-O
9.O-O Qc7 10.c5 Ne4 11.Qc2 Nxc3 12.Qxc3 b6 13.b4 bxc5 14.bxc5 f6 15.Bb5 e5
16.Bxc6 Qxc6 17.dxe5 fxe5 18.Nxe5 Qxc5 19.Qxc5 Bxc5 20.Nd3 Bb6 21.Nb4 Bb7
22.Ra2 a5 23.Nd3 Ba6 24.Rd2 a4 25.Rfd1 Rae8 26.Kh1 Ba5 27.Nb4 Be2 28.Re1 Rxf2
29.h3 Re5 30.Bb2 Bf3 31.Bxe5 Bxg2+ 32.Kh2 Rxd2 33.Bc3 Bc7+ 34.Kg1 Bb6+ 35.Kh2 Rf2
36.Nd3 Bc7+ 37.Kg1 Rc2 38.Bd4 Be4 39.Nf2 Bg3 40.Rf1 Bf3 41.Rb1 Bd6 42.Ng4 Rg2+
43.Kf1 Rd2 44.Bc3 Rd3 45.Rc1 Bf4 46.Rc2 Be4 47.Rf2 Rf3 48.Kg2 Rxc3+  0-1

[Event "Classics GMB"]
[Site "Gausdal NOR"]
[Date "2006.04.28"]
[Round "6"]
[White "Hole,O"]
[Black "Afek,Y"]
[Result "1/2-1/2"]
[WhiteElo "2346"]
[BlackElo "2328"]

1.Nf3 Nf6 2.c4 e6 3.Nc3 c5 4.g3 b6 5.Bg2 Bb7 6.O-O Be7 7.Re1 d5 8.cxd5 Nxd5
9.e4 Nxc3 10.bxc3 O-O 11.d4 Bf6  1/2-1/2

[Event "81st ch-ARG"]
[Site "San Luis ARG"]
[Date "2006.04.29"]
[Round "4"]
[White "Campora,D"]
[Black "Ricardi,P"]
[Result "1/2-1/2"]
[WhiteElo "2552"]
[BlackElo "2515"]

1.Nf3 c5 2.c4 Nf6 3.Nc3 e6 4.g3 d5 5.cxd5 exd5 6.d4 Nc6 7.Bg2 Be7 8.O-O O-O
9.Bg5 cxd4 10.Nxd4 h6 11.Be3 Re8 12.Nb3 Be6 13.Nb5 Qd7 14.Bc5 Bh3 15.Rc1 Bxg2
16.Kxg2 Ne4 17.Bxe7 Rxe7  1/2-1/2

[Event "May Roses Cup"]
[Site "Bucharest ROM"]
[Date "2006.05.06"]
[Round "2"]
[White "Jianu,V"]
[Black "Barnaure,V"]
[Result "1/2-1/2"]
[WhiteElo "2496"]
[BlackElo "2416"]

1.c4 g6 2.Nf3 Nf6 3.Nc3 c5 4.g3 Bg7 5.Bg2 Nc6 6.O-O O-O 7.d4 cxd4 8.Nxd4 Nxd4
9.Qxd4 d6 10.Qd3 Be6 11.Bd2 Qd7 12.Nd5 Nxd5 13.cxd5 Bg4 14.f3 Bf5 15.e4 Bh3
16.Bxh3 Qxh3 17.Rac1  1/2-1/2

[Event "Hollinberger Mem"]
[Site "Indianapolis USA"]
[Date "2006.05.12"]
[Round "1"]
[White "Mills,JA"]
[Black "Margvelashvili,G"]
[Result "0-1"]
[WhiteElo "2163"]
[BlackElo "2441"]

1.c4 Nf6 2.Nc3 c5 3.Nf3 e6 4.d4 cxd4 5.Nxd4 a6 6.e4 d6 7.Be2 Be7 8.O-O O-O
9.Kh1 Qc7 10.Be3 b6 11.f4 Bb7 12.Bf3 Nbd7 13.Rc1 Rac8 14.Qe2 Rfe8 15.b3 h6
16.Rfe1 Qb8 17.f5 Bf8 18.fxe6 fxe6 19.Bg4 Nxg4 20.Qxg4 Ne5 21.Qe2 Ba8 22.Rf1 Rc7
23.Rf2 Qc8 24.Rcf1 b5 25.Qh5 Rce7 26.c5 dxc5 27.Qxe5 cxd4 28.Bxd4 Qc7 29.Qxc7 Rxc7
30.Be5 Rd7 31.Re2 Rc8 32.h3 Rc5 33.Ref2 Be7 34.Nd5 Bxd5 35.Rf7 Bf6 36.Rxd7 Bc6
37.Bd4 Rc2 38.Rd6 Bxe4 39.Bf2 Rxa2 40.Rxe6 Bd5 41.Re8+ Kh7 42.Re3 Rb2 43.Rd3 Bxb3
44.Bd4 Bxd4 45.Rxd4 a5 46.Rf5 Bc4 47.Rxc4 bxc4 48.Rxa5 c3 49.Rc5 c2 50.Kh2 Kg6
51.Kg3 Kf6 52.Kf3 Ke6 53.Ke3 Kd6 54.Rc8 Kd5 55.Kd3 c1=N+ 56.Rxc1 Rxg2 57.Rh1 Rg3+
58.Ke2 Ke4 59.Kf2 Kf4 60.h4 h5 61.Ra1 Kg4 62.Rh1 Rf3+ 63.Kg2 Rf4 64.Kg1 Kg3  0-1

[Event "1st Open"]
[Site "Sofia BUL"]
[Date "2006.05.12"]
[Round "2"]
[White "Ivanov,Jo"]
[Black "Nikolova,A"]
[Result "1-0"]
[WhiteElo "2364"]
[BlackElo "2125"]

1.Nf3 Nf6 2.c4 c5 3.Nc3 g6 4.e3 Bg7 5.d4 b6 6.d5 d6 7.e4 Bg4 8.h3 Bxf3 9.Qxf3 O-O
10.Be2 Nbd7 11.Qg3 Ne8 12.h4 e6 13.dxe6 fxe6 14.h5 Bd4 15.f4 Qf6 16.hxg6 Qxg6
17.Qxg6+ hxg6 18.Bg4 Bxc3+ 19.bxc3 Rf6 20.Be3 Nf8 21.O-O-O Rf7 22.f5 exf5
23.exf5 Rh7 24.Bf3 Rb8 25.Bh6 Nc7 26.fxg6 Rd7 27.Bc6 Rdd8 28.Bxf8 Rxf8 29.Rxd6 Rbd8
30.Rxd8 Rxd8 31.Rh7 Ne8 32.Bd5+ Kf8 33.Rf7+  1-0

[Event "ch-St Petersburg w"]
[Site "St Petersburg RUS"]
[Date "2006.05.15"]
[Round "3"]
[White "Lupik,M"]
[Black "Sirotkina,N"]
[Result "1/2-1/2"]
[WhiteElo "2204"]
[BlackElo "2277"]

1.Nf3 Nf6 2.c4 c5 3.Nc3 e6 4.e4 Nc6 5.Be2 e5 6.d3 d6 7.O-O Be7 8.Ne1 O-O
9.f4 exf4 10.Bxf4 Nd4 11.Nc2 Nxc2 12.Qxc2 Be6 13.Rad1 Nd7 14.Kh1 Qb6 15.d4 cxd4
16.Nb5 Bf6 17.Qd2 Ne5 18.b3 d3 19.Bxd3 a6 20.Be3 Qd8 21.Nd4 Ng4 22.Bg1 Be5
23.Nf3 Qe7 24.Be2 Rfd8 25.Nd4 Nf6 26.Qd3 h6 27.Nf5 Bxf5 28.Rxf5 Re8 29.Rff1 Rad8
30.Bf3 Nd7 31.b4 Nf6 32.Rfe1 Nh7 33.g3 Ng5 34.Bg2 Ne6 35.Rf1 Rc8 36.Rc1 Rc6
37.b5 Rcc8 38.Qd5 Nc5 39.Rc2 Rf8 40.Bd4 Bxd4 41.Qxd4 Ne6 42.Qd2 axb5 43.cxb5 Rxc2
44.Qxc2 h5 45.Qd3 Rd8 46.Qd5 Ng5 47.h4 Nh7 48.Qxh5 Nf6 49.Qf5 Re8 50.Rd1 Ra8
51.Qf4 Rxa2 52.Qxd6 Qxd6 53.Rxd6 Ra1+ 54.Kh2 Ng4+ 55.Kh3 Nf2+ 56.Kh2 Ng4+
57.Kh3  1/2-1/2

[Event "3rd All-China Games"]
[Site "Suzhou CHN"]
[Date "2006.05.25"]
[Round "10"]
[White "Wu Wenjin"]
[Black "Li Chao2"]
[Result "1/2-1/2"]
[WhiteElo "2508"]
[BlackElo "2458"]

1.Nf3 Nf6 2.c4 c5 3.Nc3 e6 4.g3 b6 5.Bg2 Bb7 6.O-O Be7 7.d4 cxd4 8.Qxd4 d6
9.Bg5 h6 10.Bxf6 Bxf6 11.Qd3 a6 12.Rfd1 Be7 13.Ne1 Bxg2 14.Nxg2 O-O 15.Nf4 Nd7
16.b3 Nc5 17.Qe3 Re8 18.Qf3 Qb8 19.Qg4 Kh7 20.Qf3 Kg8 21.Nd3 Nxd3 22.Qxd3 Rd8
23.a4 Qc7 24.Rac1 Rac8 25.h4 Qc5 26.Qb1 Qb4 27.Rd3 Bf6 28.Ne4 Be5 29.f4 d5
30.Nf2 Bf6 31.cxd5 Rxc1+ 32.Qxc1 exd5 33.Qd1 Bb2 34.Rxd5 Rxd5 35.Qxd5 Qe1+
36.Kg2 Qxe2 37.Qd8+ Kh7 38.Qxb6 g6 39.Qd6 a5 40.Qd3 Qe6 41.Qc4 Qd7 42.Qd3 Qb7+
43.Kh2 Kg7 44.Nd1 Bf6 45.Ne3 Qb6 46.Kg2 Qc5 47.Nc4 Qc6+ 48.Qf3 Qd7 49.h5 Kh7
50.hxg6+ fxg6 51.Kf1 Qh3+ 52.Ke2 Qe6+ 53.Qe3 Qd5 54.Qf3 Qe6+ 55.Kd3 Qd7+
56.Kc2 Qd4 57.g4 Qa1 58.f5 gxf5 59.Qxf5+ Kg7 60.Qd7+ Kg8 61.Qd5+ Kg7 62.Nd6 Qb2+
63.Kd3 Qc3+ 64.Ke4 Qc2+ 65.Qd3 Qg2+ 66.Kf5 Bb2 67.Qe4 Qf2+ 68.Ke6 Qb6 69.Qf3 Ba3
70.Qf6+ Kh7 71.Qe7+ Kg8 72.Qe8+ Kg7 73.Qd7+ Kg6 74.Qf7+ Kg5 75.Qh5+ Kf4 76.Qxh6+ Kxg4
77.Qg6+ Kh4 78.Kd7 Qa7+ 79.Kc6 Qc5+ 80.Kd7 Qa7+ 81.Ke6 Qb6 82.Qe4+ Kg3 83.Qe5+ Kf2
84.Kd7 Qxb3 85.Qxa5 Qh3+ 86.Kc6 Bxd6 87.Qd2+ Kf1 88.Qd1+ Kf2 89.Qxd6 Qc8+
90.Kb6 Qh8 91.a5 Qb2+ 92.Kc6 Qa1 93.Kb6 Qb1+ 94.Kc7 Qh7+ 95.Kb8 Qg8+ 96.Kb7 Qf7+
97.Kc6 Qf3+ 98.Qd5 Qf6+ 99.Kc7 Qc3+ 100.Kb7 Qb2+ 101.Ka7 Kg3 102.a6 Kh4 103.Qb7 Qd4+
104.Qb6 Qd7+ 105.Kb8 Qe8+ 106.Kc7 Qf7+ 107.Kc8 Qc4+ 108.Kb7 Qf7+ 109.Kc8 Qc4+
110.Kd7 Qf7+ 111.Kd6 Qf6+ 112.Kc7 Qf7+ 113.Kb8 Qe8+ 114.Kb7 Qf7+ 115.Qc7 Qb3+
116.Ka7 Qe3+ 117.Qb6 Qe7+ 118.Qb7 Qe3+ 119.Kb8 Qe8+ 120.Kc7 Qe7+ 121.Kc6 Qe4+
122.Kd6 Qg6+ 123.Ke5 Qg5+ 124.Ke4 Qg4+ 125.Ke3 Qg5+ 126.Kf2 Qd2+ 127.Kf3 Qd3+
128.Kf4 Qg3+ 129.Kf5 Qg5+ 130.Ke6 Qg6+ 131.Ke7  1/2-1/2

[Event "37th Olympiad w"]
[Site "Turin ITA"]
[Date "2006.05.29"]
[Round "8"]
[White "Kovalevskaya,E"]
[Black "Goletiani,R"]
[Result "1/2-1/2"]
[WhiteElo "2460"]
[BlackElo "2371"]

1.c4 c5 2.Nf3 Nf6 3.Nc3 e6 4.e3 Be7 5.d4 cxd4 6.exd4 d5 7.cxd5 Nxd5 8.Bd3 Nc6
9.O-O O-O 10.Re1 Ncb4 11.Bb1 Qc7 12.a3 Nxc3 13.bxc3 Nd5 14.Qd3 g6 15.c4 Nb6
16.Ne5 Bf6 17.Bf4 Bxe5 18.Bxe5 Qxc4 19.Qh3 Nd7 20.Ba2 Qa6 21.Bf4 Re8 22.Re3 Qa4
23.Be5 Nxe5 24.dxe5 Bd7 25.Qh6 Qd4 26.Rae1 Qd2 27.Bb3 Rac8 28.h4 Rc1 29.Rxc1 Qxc1+
30.Kh2 Rc8 31.Qg5 h5 32.Qf6 a5 33.Rd3 Qc7 34.Bd1 Bb5 35.Rd6 Bc4 36.Qg5 Kh7
37.Bxh5 gxh5 38.Qxh5+ Kg7 39.Qg5+ Kh7 40.Qh5+ Kg7 41.Qg5+ Kh7 42.Qh5+ Kg7
43.Qg5+ Kh7 44.Qh5+  1/2-1/2

[Event "37th Olympiad w"]
[Site "Turin ITA"]
[Date "2006.05.30"]
[Round "9"]
[White "Macek,V"]
[Black "Borosova,Z"]
[Result "1-0"]
[WhiteElo "2243"]
[BlackElo "2210"]

1.Nf3 Nf6 2.c4 e6 3.Nc3 c5 4.g3 b6 5.Bg2 Bb7 6.O-O Be7 7.d4 cxd4 8.Qxd4 O-O
9.Qf4 d6 10.b3 a6 11.Bb2 Nbd7 12.Rfd1 Qc7 13.Rac1 Rac8 14.h3 Rfd8 15.Ne1 Ne5
16.e4 h6 17.Qe3 Bc6 18.Nd5 Bxd5 19.cxd5 Qb8 20.dxe6 fxe6 21.Nd3 Nxd3 22.Qxd3 Rxc1
23.Bxc1 b5 24.Be3 Rc8 25.Bf4 Rd8 26.g4 Qa7 27.Rc1 Nd7 28.Qc2 Ne5 29.Be3 Qd7
30.f4 Nf7 31.Qc6 Qxc6 32.Rxc6 b4 33.Rxa6 Rc8 34.Bf1 Nd8 35.Bc4 Kf7 36.f5 Kf6
37.Bd4+ e5 38.Be3 g5 39.Kf2 Nb7 40.Rb6 Nc5 41.Bxc5 Rxc5 42.Rxb4 Rc6 43.Rb7 Rc5
44.a4 Ra5 45.Ke2 Ra8 46.Kd2 Ra5 47.Kc3 Ra8 48.Rb6 Kg7 49.Bd5 Rh8 50.a5 h5
51.a6 hxg4 52.hxg4 Bd8 53.Rb7+ Kh6 54.a7 Ba5+ 55.b4 Ra8 56.Rd7 Bxb4+ 57.Kd3 Rc8
58.a8=Q Rc3+ 59.Ke2 Rc2+ 60.Kd1 Rd2+ 61.Kc1 Ba3+ 62.Kxd2  1-0

[Event "37th Olympiad w"]
[Site "Turin ITA"]
[Date "2006.05.30"]
[Round "9"]
[White "Javakhishvili,L"]
[Black "Madl,I"]
[Result "1-0"]
[WhiteElo "2410"]
[BlackElo "2387"]

1.c4 Nf6 2.Nc3 c5 3.Nf3 e6 4.g3 b6 5.Bg2 Bb7 6.O-O Be7 7.d4 cxd4 8.Qxd4 Nc6
9.Qd2 O-O 10.b3 a6 11.Bb2 Rc8 12.Rac1 Nb8 13.Rfd1 d6 14.Ba3 d5 15.Qb2 Bxa3
16.Qxa3 Rc7 17.e4 Qc8 18.exd5 exd5 19.Nxd5 Bxd5 20.cxd5 Nxd5 21.Rxc7 Nxc7
22.Qd6 Ne6 23.Qxb6 Qc2 24.Rd2 Qb1+ 25.Bf1 h6 26.Kg2 Qg6 27.Qe3 a5 28.Ne5 Qf5
29.Bd3 Qf6 30.Bc4 Re8 31.h4 Qe7 32.Qf3 Rf8 33.Qf5 Qc5 34.Bd3 g6 35.Nxg6 Qxf5
36.Ne7+ Kh8 37.Bxf5 Re8 38.Bxe6 fxe6 39.Ng6+ Kg7 40.Ne5 Rc8 41.Rd6 Kf6 42.f4 Kf5
43.Rb6 h5 44.Kf3 Rc3+ 45.Kf2 Rc8 46.Ke3  1-0

[Event "28th Nezhmetdinov mem"]
[Site "Kazan RUS"]
[Date "2006.06.02"]
[Round "2"]
[White "Gubajdullin,A"]
[Black "Yaksin,O"]
[Result "1-0"]
[WhiteElo "2413"]
[BlackElo "2198"]

1.Nf3 c5 2.c4 Nf6 3.Nc3 b6 4.d4 cxd4 5.Nxd4 Bb7 6.f3 d6 7.e4 g6 8.Bg5 Bg7
9.Qd2 Nc6 10.Nxc6 Bxc6 11.Nd5 Nxd5 12.cxd5 Bd7 13.h4 h5 14.Bd3 b5 15.O-O-O O-O
16.Kb1 a5 17.g4 f6 18.Be3 hxg4 19.h5 gxh5 20.Qh2 Qe8 21.fxg4 Bxg4 22.Rdg1 Qg6
23.Qf4 f5 24.exf5 Bxf5 25.Bxf5 Qxf5+ 26.Qxf5 Rxf5 27.Bd4 Rf7 28.Rxh5 Raf8
29.Rhh1 a4 30.a3 Rc8 31.Rg4 Rcf8 32.Ka2 Rf5 33.Rhg1 R8f7 34.Bc3 Kf8 35.R1g2 Kg8
36.Bd4  1-0

[Event "28th Nezhmetdinov mem"]
[Site "Kazan RUS"]
[Date "2006.06.04"]
[Round "4"]
[White "Gabdrakhmanov,R"]
[Black "Rodchenkov,V"]
[Result "1-0"]
[WhiteElo "2414"]
[BlackElo "2343"]

1.c4 c5 2.Nf3 Nf6 3.Nc3 e6 4.d4 cxd4 5.Nxd4 Nc6 6.g3 Qb6 7.Nb3 Ne5 8.e4 Nfg4
9.Qe2 Nf6 10.f4 Ng6 11.e5 Ng8 12.Be3 Qc7 13.Nb5 Qb8 14.Bc5 Bxc5 15.Nxc5 N8e7
16.Nd6+ Kf8 17.Bg2 Qc7 18.Nce4 Nc6 19.O-O b6 20.Rad1 Ba6 21.Ng5 f6 22.exf6 gxf6
23.f5 fxg5 24.fxg6+ Kg7 25.Rf7+  1-0

[Event "Lasker Mem A"]
[Site "Barlinek POL"]
[Date "2006.06.07"]
[Round "5"]
[White "Orzech,D"]
[Black "Bronowicki,M"]
[Result "1/2-1/2"]
[WhiteElo "2346"]
[BlackElo "2278"]

1.Nf3 Nf6 2.c4 c5 3.Nc3 e6 4.g3 b6 5.Bg2 Bb7 6.O-O a6 7.d4 cxd4 8.Qxd4 d6
9.Rd1 Nbd7 10.b3 Be7 11.Bb2 Qc7 12.Qf4 O-O 13.Rd2 Rac8 14.Rad1 d5 15.cxd5 Nxd5
16.Nxd5 Bxd5 17.e4 Bc6 18.Qxc7 Rxc7 19.Rc1 Nc5 20.Ne5 a5 21.a3 Bb5 22.Rdc2 Rfc8
23.Bf1 Bxf1 24.Kxf1 Bd6 25.b4 axb4 26.axb4 Nxe4 27.Nc6 Kf8 28.b5 Bc5 29.Rd1 f6
30.h4 Be7 31.Re2 Nc5 32.Red2 e5 33.Rd5 Ra8 34.h5 Ra2 35.Bc1 Ra1 36.f4 exf4
37.gxf4 Nb3 38.Be3 Rxd1+ 39.Rxd1 Bc5 40.Kf2 Bxe3+ 41.Kxe3 Nc5 42.f5 Rd7  1/2-1/2

[Event "2nd Festival"]
[Site "Lodi ITA"]
[Date "2006.06.07"]
[Round "4"]
[White "Porter,Ru"]
[Black "Contin,D"]
[Result "0-1"]
[WhiteElo "2201"]
[BlackElo "2396"]

1.c4 c5 2.Nf3 Nf6 3.Nc3 g6 4.d4 cxd4 5.Nxd4 Bg7 6.e4 Nc6 7.Be3 d6 8.Be2 O-O
9.O-O Bd7 10.Qd2 Nxd4 11.Bxd4 Bc6 12.f3 Nd7 13.Be3 a5 14.Rab1 Nc5 15.Rfd1 b6
16.b3 f5 17.exf5 gxf5 18.Nd5 Ra7 19.Bd3 e6 20.Nc3 f4 21.Bf2 Bxc3 22.Qxc3 Rg7
23.Bf1 e5 24.Rb2 Rg6 25.Bxc5 bxc5 26.Rf2 Rh6 27.Bd3 Qh4 28.h3 Qg3 29.Qxa5 Rxh3
30.Qc7 e4 31.Bxe4 Bxe4 32.Qxd6 Bf5 33.Qd5+ Rf7 34.Re2 Rh2 35.a4 h6 36.Qxc5 Qh4
37.Re8+ Kh7 38.Kf1 Bd3+ 39.Rxd3 Rh1+ 40.Qg1 Rg7 41.Rd1 Qh2 42.Kf2 Qg3+ 43.Ke2 Rxg1
44.Rxg1 Qh2 45.Kf2 Qg3+ 46.Ke2 Rb7 47.Re1 Qxg2+ 48.Kd1 Qxf3+  0-1

[Event "FSIM June"]
[Site "Budapest HUN"]
[Date "2006.06.09"]
[Round "5"]
[White "Vul,A"]
[Black "Kayar,E"]
[Result "1-0"]
[WhiteElo "2396"]
[BlackElo "2191"]

1.Nf3 Nf6 2.c4 c5 3.Nc3 d5 4.cxd5 Nxd5 5.e4 Nb4 6.Bc4 Nd3+ 7.Ke2 Nf4+ 8.Kf1 Ne6
9.d4 cxd4 10.Bxe6 Bxe6 11.Nxd4 Bc4+ 12.Kg1 Nc6 13.Nxc6 Qxd1+ 14.Nxd1 bxc6
15.f3 e5 16.Be3 Bb4 17.Kf2 h5 18.a3 Ba5 19.Rc1 Bb5 20.b4 Bb6 21.Nb2 O-O-O
22.Rc2 Rd6 23.Bxb6 axb6 24.a4 Rhd8 25.Rhc1 Bd3 26.Nxd3 Rxd3 27.Rxc6+ Kb7
28.Rc7+ Kb8 29.Rxf7 Rb3 30.Rxg7 h4 31.Rc2 Rxb4 32.Re7 Rxa4 33.Rxe5 Kb7 34.Rb2 Ka6
35.Reb5 Rb8 36.g4 hxg3+ 37.hxg3 Ra5 38.R5b4 b5 39.e5 Kb6 40.f4 Kc5 41.e6  1-0

[Event "28th Nezhmetdinov mem"]
[Site "Kazan RUS"]
[Date "2006.06.09"]
[Round "9"]
[White "Isajevsky,A"]
[Black "Rodchenkov,V"]
[Result "1-0"]
[WhiteElo "2441"]
[BlackElo "2343"]

1.c4 c5 2.Nc3 Nf6 3.Nf3 e6 4.g3 b6 5.Bg2 Bb7 6.O-O d6 7.d3 Be7 8.e4 Nbd7
9.Ng5 Qb8 10.f4 h6 11.Nh3 O-O 12.g4 Nh7 13.Be3 a6 14.Qd2 Re8 15.Rad1 b5 16.Nf2 Nb6
17.b3 d5 18.d4 e5 19.fxe5 cxd4 20.Qxd4 Nd7 21.exd5 Bc5 22.Qf4 Bxe3 23.Qxe3 Nxe5
24.Qd4 Ng5 25.Nd3  1-0

[Event "2nd Festival"]
[Site "Lodi ITA"]
[Date "2006.06.10"]
[Round "8"]
[White "Caoili,A"]
[Black "Izsak,Gyu"]
[Result "1/2-1/2"]
[WhiteElo "2169"]
[BlackElo "2434"]

1.c4 c5 2.Nc3 e6 3.Nf3 Nf6 4.e4 d6 5.d4 cxd4 6.Nxd4 a6 7.Be2 Be7 8.O-O O-O
9.Be3 Qc7 10.Rc1 b6 11.f3 Bb7 12.Qd2 Nbd7 13.Rfd1 Rac8 14.a3 Rfd8 15.Kh1 Qb8
16.Bf1 Ba8 17.Qf2 Rc7 18.Nb3 Rdc8 19.a4 Nc5 20.Nd4 Ncd7 21.Nb3 Nc5 22.Nd4 Ncd7
23.Nb3  1/2-1/2

[Event "TCh-NOR"]
[Site "Oslo NOR"]
[Date "2006.06.10"]
[Round "4"]
[White "Hole,O"]
[Black "Egeli,P"]
[Result "0-1"]
[WhiteElo "2346"]
[BlackElo "2303"]

1.Nf3 Nf6 2.c4 c5 3.Nc3 e6 4.g3 b6 5.Bg2 Bb7 6.O-O d6 7.Re1 Nbd7 8.e4 a6
9.d4 cxd4 10.Nxd4 Qc7 11.Be3 Be7 12.Rc1 Rc8 13.f4 Qb8 14.b3 O-O 15.Bf2 Qa8
16.g4 Rfd8 17.g5 Ne8 18.Qg4 Nc7 19.a4 Bf8 20.h4 e5 21.Nf5 Ne6 22.fxe5 Nxe5
23.Qg3 Nc5 24.Bxc5 Rxc5 25.Rf1 Qb8 26.h5 Re8 27.Rce1 Qd8 28.Re3 Bc6 29.Qf4 b5
30.cxb5 axb5 31.b4 Rc4 32.axb5 Bb7 33.Rd1 Rxb4 34.Rd4 Rb2 35.Kh1 Qc7 36.Rg3 Ra8
37.Nd5 Bxd5 38.Rxd5 Raa2 39.Rxe5 Rxg2 40.Rxg2 dxe5 41.Qe3 Ra3 42.Qe1 Rh3+
43.Rh2 Rxh2+ 44.Kxh2 Qc2+ 45.Kh1 Qd3 46.Kg2 Qxb5 47.Qd2 Qc4 48.Kf3 Qf1+ 49.Kg4 Qg1+
50.Ng3 g6 51.h6 Qc5 52.Qd8 Qd6 53.Qc8 Qd2 54.Kh4 Qf4+ 55.Qg4 Bxh6 56.Qxf4 exf4
57.Nf1 Bg7 58.Nd2 Be5 59.Nf3 f6 60.gxf6 Bxf6+ 61.Kg4 g5 62.Kh5 Kf7 63.Nh2 Kg7
64.Nf3 Be7 65.Nh2 Bd8 66.Nf3 h6 67.Nd4 Kf6 68.Nf3 Bb6 69.Kg4 Ba7 70.Kh5 Bb8
71.Kxh6 g4 72.Nh2 g3 73.Nf3 g2 74.Kh5 Ba7 75.Kg4 Be3 76.e5+ Ke6 77.Kg5 g1=Q+
78.Nxg1 f3+ 79.Kg4 f2  0-1

[Event "FSGM June"]
[Site "Budapest HUN"]
[Date "2006.06.12"]
[Round "9"]
[White "Paschall,W"]
[Black "Fodor,T jr"]
[Result "1/2-1/2"]
[WhiteElo "2352"]
[BlackElo "2383"]

1.Nf3 Nf6 2.c4 c5 3.Nc3 e6 4.g3 b6 5.Bg2 Bb7 6.O-O Be7 7.Re1 d5 8.Ne5 O-O
9.d4 Nc6 10.Nxc6 Bxc6 11.cxd5 Nxd5 12.Nxd5 Bxd5 13.e4 Bb7 14.Be3 Rc8 15.Rc1 cxd4
16.Qxd4 Qxd4 17.Bxd4 Rfd8 18.Be3 f6 19.f3 Kf7 20.Rxc8 Rxc8 21.Rc1 Rxc1+ 22.Bxc1 Bc5+
23.Kf1 a5 24.Ke1 Bd4 25.Bf1 f5 26.Bd3 Kf6 27.Ke2 g6  1/2-1/2

[Event "ch-FIN"]
[Site "Helsinki FIN"]
[Date "2006.06.15"]
[Round "6"]
[White "Maki Uuro,Mi"]
[Black "Rehn,R"]
[Result "1/2-1/2"]
[WhiteElo "2407"]
[BlackElo "2099"]

1.Nf3 Nf6 2.c4 g6 3.Nc3 c5 4.e4 d6 5.d4 cxd4 6.Nxd4 Bg7 7.Be2 O-O 8.O-O Nc6
9.Be3 Nxd4 10.Bxd4 Nd7 11.Bxg7 Kxg7 12.b4 b6 13.Qd4+ Kg8 14.f4 Bb7 15.Rfd1 Nf6
16.Qe3 Qc8 17.Nd5 Re8 18.a4 Nxd5 19.cxd5 e6 20.Rac1 Qd8 21.Bb5 Re7 22.dxe6 Rxe6
23.e5 Qe7 24.Bc4 Rf6 25.Qd4 dxe5 26.Qd7 Qxd7 27.Rxd7 Bc6 28.Rxf7 Rxf7 29.Bxf7+ Kxf7
30.Rxc6 exf4 31.Kf1 Kg8  1/2-1/2

[Event "10th Heraclion Open"]
[Site "Athens GRE"]
[Date "2006.06.17"]
[Round "8"]
[White "Simeonidis,I"]
[Black "Moscholios,I"]
[Result "1/2-1/2"]
[WhiteElo "2307"]
[BlackElo "2159"]

1.Nf3 c5 2.c4 Nf6 3.Nc3 e6 4.g3 b6 5.Bg2 Bb7 6.O-O Be7 7.d4 cxd4 8.Qxd4 d6
9.Bg5 Nbd7 10.Nb5 d5 11.cxd5 Bxd5 12.Rac1 O-O 13.Rfd1 h6 14.Bxf6 Bxf6 15.Qd2 Nc5
16.b4 Ne4 17.Qe3 Qe7 18.Nc7 Rac8  1/2-1/2

[Event "ch-FIN"]
[Site "Helsinki FIN"]
[Date "2006.06.17"]
[Round "8"]
[White "Maki Uuro,Mi"]
[Black "Nokso Koivisto,An"]
[Result "1-0"]
[WhiteElo "2407"]
[BlackElo "2237"]

1.Nf3 Nf6 2.c4 c5 3.Nc3 g6 4.e4 d6 5.d4 cxd4 6.Nxd4 Bg7 7.Be2 Nc6 8.Be3 O-O
9.O-O Nxd4 10.Bxd4 Be6 11.Qd2 Nd7 12.Be3 Nc5 13.f3 f5 14.exf5 gxf5 15.Rfe1 b6
16.Bf1 Bf7 17.Bh6 Bxh6 18.Qxh6 Bg6 19.h4 Kh8 20.Rad1 Rg8 21.Qg5 Rg7 22.h5 Be8
23.Qxf5 Bc6 24.h6 Rg6 25.Qf7 e5 26.Rxe5 dxe5 27.Rxd8+ Rxd8 28.Qxa7 Nd7 29.Bd3 Rxh6
30.Bf5 Nf8 31.Qxb6 Re8 32.Be4 Nd7 33.Qc7 Bxe4 34.Nxe4 Nf8 35.Nd6 Ne6 36.Qd7 Rf8
37.Nf7+  1-0

[Event "Open A"]
[Site "Voronezh RUS"]
[Date "2006.06.19"]
[Round "7"]
[White "Kachar,V"]
[Black "Vrublevskaya,O"]
[Result "1/2-1/2"]
[WhiteElo "2317"]
[BlackElo "2152"]

1.c4 c5 2.Nf3 Nf6 3.Nc3 d5 4.cxd5 Nxd5 5.e4 Nb4 6.Bc4 Nd3+ 7.Ke2 Nf4+ 8.Kf1 Ne6
9.b4 g6 10.bxc5 Bg7 11.Bxe6 Bxe6 12.d4 O-O 13.Bb2 Bg4 14.Ne2 b6 15.Qd2 e6
16.Rc1 bxc5 17.Rxc5 Nd7 18.Rc2 f5 19.e5 Nb6 20.Ne1 f4 21.Ba3 Rf7 22.Bd6 Nd5
23.Kg1 f3 24.Nxf3 Rxf3 25.h3 Rxf2 26.hxg4 Rf7 27.Rh3 Bf8 28.Nc3 Bxd6 29.Nxd5 Bxe5
30.dxe5 Qxd5 31.Qxd5 exd5 32.Rd3 Rd8 33.Rc5 d4 34.Kh2 Kf8 35.Kg3 g5 36.e6 Rf6
37.Ra5 Rxe6 38.Rxa7 Re7 39.Ra5 h6 40.a4 Re6 41.Rc5 Ke7 42.Kf3 Ra6 43.Rc4 Rf6+
44.Ke2 Rf4 45.g3 Rxg4 46.Kf3 h5 47.a5 Rf8+ 48.Kg2 Ra8 49.Rc5 h4 50.Kh3 Rxg3+
51.Rxg3 hxg3 52.Kxg3 Rd8 53.Kf2  1/2-1/2

[Event "Open A"]
[Site "Balatonlelle HUN"]
[Date "2006.06.20"]
[Round "4"]
[White "Hottes,D"]
[Black "Berczes,C"]
[Result "1/2-1/2"]
[WhiteElo "2166"]
[BlackElo "2395"]

1.c4 Nf6 2.Nc3 e6 3.Nf3 c5 4.g3 b6 5.Bg2 Bb7 6.O-O Be7 7.b3 d5 8.cxd5 exd5
9.d4 O-O 10.e3 Re8 11.Ne5 Bf8 12.Bb2 Nc6 13.Nxc6 Bxc6 14.Rc1 Rc8 15.Ne2 Ne4
16.dxc5 bxc5 17.Nc3 f5 18.Qc2 Qb6 19.Rfd1 Red8 20.Nxe4 fxe4 21.Bh3 Bd7 22.Bg2 Bg4
23.Rd2 Qe6 24.Rf1 Rc6 25.Bxe4 dxe4 26.Rxd8 Qe7 27.Qc4+ Re6 28.Qd5 h5 29.Rc1 Kh7
30.Rd7 Qe8 31.Rd8 Qf7 32.Qd7 Re7 33.Qd6 Re8 34.Qd5  1/2-1/2